60 perc sötétség

Elmentve itt :
Bibliográfiai részletek
Dokumentumtípus: Cikk
Megjelent: 2010-03-27
Sorozat:Délmagyarország 100 No. 72
Kulcsszavak:Föld órája
Online Access:http://dmarchiv.bibl.u-szeged.hu/128947
LEADER 00389nab a2200145 i 4500
001 delm128947
005 20200212132000.0
008 200212s2010 hu o 0|| hun d
040 |a SZTE Délmagyarország Archívum  |b hun 
041 |a hun 
245 0 0 |a 60 perc sötétség  |h [elektronikus dokumentum] 
260 |c 2010-03-27 
300 |a 7 
490 0 |a Délmagyarország  |v 100 No. 72 
695 |a Föld órája